1655 1801 1201 1248 1700 1935 1224 1871 1885 1256 1644 1090 1011 1419 1534 1670 1910 1067 1815 1228 1430 1003 1115 1873 1548 1772 1829 1059 1290 1289 1081 1012 1430 1102 1396 1758 1494 1479 1635 1609 1480 1376 1242 1149 1914 1357 1398 1985 1450 1072 1417 1671 1591 1521 1501 1410 1510 1290 1220 1285 1879 1128 1011 1105 1200 1307 1007 1529 1128 1825 1179 1611 1020 1442 1341 1375 1369 1497 1616 1842 1779 1434 1127 1384 1012 1886 1444 1882 1398 1705 1051 1959 1583 1801 1056 1015 1792 1622 1413 BCNSPRNW ULIB Ver.6.0+V

เปลี่ยนเป็นภาษาไทย

Change to English
 แสดงรายละเอียดบรรณานุกรม
  กลับหน้าหลัก

Brief Record : Get Marc (ISO 2709) : E-mail record : QR code < ปิดหน้าต่าง
LEADER : 00000nam 2200000uu 4500
001    13399128212
003     ULIB
008    220815s2020||||th 000 0 tha d
020 ^  ^a9780702070488
060 0  ^aWY100^bE93
245 0  ^aEvidence-based practice in nursing /^cedited by Jean V. Craig, Dawn W. Dowding.
250 ^  ^a4th ed.
260 ^  ^aEdinburgh :^bElsevier,^c2020.
300 ^  ^axi, 195 p. :^bill. ;^c23 cm.
504 ^  ^aIncludes bibliographical references and index.
650 ^  ^aEvidence-based nursing.
650 ^  ^aEvidence-based medicine^xMethods.
695 ^  ^aHealth Sciences.
700 1  ^aCraig, Jean V.,^eed.
700 1  ^aDowding, Dawn W.,^eed.
910 ^   ^aคณะพยาบาลศาสตร์^bสำนักงานการศึกษา^cผศ.ดร.ชนัญชิดาดุษฎี ทูลศิริ
945    ^p0^l0^i009316
999    ^aประนอม เกษจรัล
รายการนี้ยังไม่มีแท็ก
คุณยังไม่ได้ล็อกอิน คุณสามารถมีกิจกรรมร่วมกับเว็บไซต์ได้ แต่ต้องล็อกอินก่อน ::
  ล็อกอิน

รายการสื่อสารสนเทศ

ลำดับที่ ประเภท เลขเรียก/บาร์โค้ด สถานที่ สถานะ
1. Book การพยาบาล
หนังสือสำรอง
สถานะ=หนังสือสำรอง
WY100 E93 ฉ.1 
  Barcode: 009316
ห้องสมุดวิทยาเขตสวรรค์ประชารักษ์
►หนังสือทั่วไป
บนชั้น

รายการใกล้เคียง
    หัวเรื่อง [Evidence-based nursing.]

BibComment


ยังไม่เคยถูกคอมเมนท์

คอมเมนท์ทรัพยากรรายการนี้
  คอมเมนท์: Evidencebased pr..


 Copyright 2026. Bcnsprnw @Library